| 000 | 00692nam a2200253Ia 4500 | ||
|---|---|---|---|
| 003 | OSt | ||
| 005 | 20220924123624.0 | ||
| 006 | a|||||r|||| 00| 0 | ||
| 007 | ta | ||
| 008 | 220923b |||||||| |||| 00| 0 urd d | ||
| 020 | _a8182231620 (hbk) | ||
| 020 | _c180.00 | ||
| 024 | _a318363 | ||
| 037 | _cTextual | ||
| 040 |
_aARTS _cARTS _burd |
||
| 041 |
_2urd _aurd |
||
| 082 | _aO168,3NMAx, P6 | ||
| 100 |
_aJahan Masroor Au. _9179656 |
||
| 245 | 0 | _aAllah teri qudrat | |
| 260 |
_aNew Delhi _b Educational publishing house India _c2006 |
||
| 650 |
_aURDU FICTION _93298 |
||
| 942 |
_hO168,3NMAx, P6 _cTEXL _2CC |
||
| 999 |
_c416463 _d416463 |
||